Intelectuales y Política en América Latina: el desencantamiento del espíritu crítico /
Guardat en:
| Autor principal: | |
|---|---|
| Altres autors: | |
| Format: | Text |
| Publicat: |
Rosario:
Homo Sapiens
|
| Matèries: | |
| Etiquetes: |
Afegir etiqueta
Sense etiquetes, Sigues el primer a etiquetar aquest registre!
|
MARC
| LEADER | 00000 a a2200000 04500 | ||
|---|---|---|---|
| 001 | 31135 | ||
| 003 | |||
| 040 | |a CRAI/IIS |c CRAI/IIS | ||
| 020 | |a 950-808-395-6 | ||
| 090 | |a 197704 | ||
| 100 | |a Hofmeister, Wilhelm | ||
| 245 | |a Intelectuales y Política en América Latina: el desencantamiento del espíritu crítico / |c Wilhelm Hofmeister | ||
| 260 | |a Rosario: |b Homo Sapiens | ||
| 300 | |a 269 p. | ||
| 650 | |a INTELECTUALES | ||
| 650 | |a DEFENSA DE LA CAUSA | ||
| 650 | |a MUTACIONES | ||
| 650 | |a IDEOLOGIAS | ||
| 650 | |a COMUNISTAS | ||
| 650 | |a DEMOCRATIZACION | ||
| 650 | |a BUROCRACIA | ||
| 700 | |a ed |a Mansilla, H. C. F. |a ed |a Chávez Zamorano, Omar |a Hernández Rodríguez, Rogelio |a Hollensteines, Stefan |a Jocelyn - Holt Letelier, Alfredo |a Quiroga, Hugo |a Ramos Jiménez, Alfredo |a Uricoechea Corena, Fernando |a Urrutia, Edmundo |a Arrosa Soa | ||
| 999 | |c 2520 |d 2520 | ||



